[Event "?"]
[Site "?"]
[Date "2017.08.26"]
[Round "1.1"]
[White "Kvetny, Mark"]
[Black "Maisch, Julian"]
[Result "1-0"]
[WhiteElo "2406"]
[BlackElo "2149"]
[PlyCount "81"]
[EventDate "2017.??.??"]
[WhiteTeam "Stuttgarter SF"]
[BlackTeam "SF Kornwestheim"]

1. d4 Nf6 2. c4 e6 3. Nc3 d5 4. cxd5 exd5 5. Bg5 Be7 6. e3 Nbd7 7. Bd3 Nf8 8.
Qc2 g6 9. Nge2 Ne6 10. Bh4 c6 11. f3 Nh5 12. Bf2 Nhg7 13. O-O O-O 14. e4 Nc7
15. Rad1 Kh8 16. a3 dxe4 17. fxe4 f5 18. d5 cxd5 19. exd5 Bd6 20. Nd4 Nce8 21.
Ncb5 f4 22. Ne6 Bxe6 23. dxe6 f3 24. Rfe1 Qg5 25. g3 Be7 26. Nc3 Nf6 27. Ne4
Qh5 28. Nxf6 Rxf6 29. Qc7 Re8 30. Re5 Nf5 31. Bf1 Qg4 32. Rd7 Rff8 33. Rxf5
Qxf5 34. Rxe7 Rxe7 35. Qxe7 Kg8 36. Qxb7 Qxe6 37. b3 Rd8 38. Qxf3 Qf5 39. Bc4+
Kf8 40. Bc5+ Ke8 41. Qc6+ 1-0

[Event "?"]
[Site "?"]
[Date "2017.08.26"]
[Round "1.2"]
[White "Maj, Kornel"]
[Black "Gheng, Josef"]
[Result "0-1"]
[WhiteElo "2143"]
[BlackElo "2352"]
[PlyCount "84"]
[EventDate "2017.??.??"]
[WhiteTeam "Stuttgarter SF"]
[BlackTeam "SK Wernau"]

1. e4 e5 2. Nf3 Nc6 3. Bb5 a6 4. Ba4 Nf6 5. O-O Be7 6. Re1 b5 7. Bb3 d6 8. c3
O-O 9. h3 Nd7 10. d4 Bf6 11. Be3 Bb7 12. Nbd2 Re8 13. dxe5 Ncxe5 14. Nxe5 Nxe5
15. Bc2 Ng6 16. f4 a5 17. Rb1 b4 18. c4 c5 19. Qf3 a4 20. Re2 Bc6 21. Bf2 Ra7
22. g3 Qa8 23. Qd3 Rd7 24. h4 Bxh4 25. gxh4 Nxf4 26. Qf3 Nxe2+ 27. Qxe2 f5 28.
Re1 fxe4 29. Nf1 Rf7 30. Ne3 Re6 31. Nd5 Rg6+ 32. Kh1 Qc8 33. Qe3 Bxd5 34. cxd5
Rxf2 35. Bxe4 Rgf6 36. Bg2 Rxb2 37. Bh3 Qf8 38. Qe8 Qxe8 39. Rxe8+ Kf7 40. Ra8
Rxa2 41. h5 Rff2 42. Be6+ Kf6 0-1

[Event "?"]
[Site "?"]
[Date "2017.08.26"]
[Round "1.3"]
[White "Hirneise, Jens"]
[Black "Engelhart, Achim"]
[Result "1-0"]
[WhiteElo "2350"]
[BlackElo "2136"]
[PlyCount "55"]
[EventDate "2017.??.??"]
[WhiteTeam "TSV Schönaich"]
[BlackTeam "SV Jedesheim"]

1. e4 e6 2. d4 d5 3. Bd3 dxe4 4. Bxe4 Nf6 5. Bf3 c5 6. Ne2 Nc6 7. Be3 cxd4 8.
Nxd4 Ne5 9. Nc3 a6 10. Qe2 Bb4 11. O-O-O Qc7 12. Ndb5 Qa5 13. Nd6+ Bxd6 14.
Rxd6 Nxf3 15. Qxf3 O-O 16. Rhd1 Nd5 17. Nxd5 exd5 18. Bd4 Qxa2 19. Bxg7 Kxg7
20. Qf6+ Kg8 21. R1xd5 Re8 22. Qg5+ Kh8 23. Qf6+ Kg8 24. Rg5+ Kf8 25. Qh6+ Ke7
26. Rgd5 Be6 27. Rd7+ Bxd7 28. Qd6+ 1-0

[Event "?"]
[Site "?"]
[Date "2017.08.26"]
[Round "1.4"]
[White "Gustain, Marc"]
[Black "Neyman, Igor"]
[Result "0-1"]
[WhiteElo "2132"]
[BlackElo "2323"]
[PlyCount "112"]
[EventDate "2017.??.??"]
[WhiteTeam "SF Deizisau"]
[BlackTeam "Stuttgarter SF"]

1. e4 c5 2. Nf3 a6 3. c3 e6 4. d4 d5 5. e5 Nc6 6. Bd3 Bd7 7. O-O Qc7 8. Re1
cxd4 9. cxd4 Nb4 10. Nc3 Nxd3 11. Qxd3 Ne7 12. Be3 Nc6 13. Rac1 Be7 14. a3 Qd8
15. b4 O-O 16. Re2 Na7 17. Qb1 Nb5 18. Nxb5 Bxb5 19. Rb2 h6 20. Nd2 Qd7 21. Rc3
Rfc8 22. Rbc2 Ba4 23. Nb3 b6 24. Qc1 Rc4 25. Nd2 Bxc2 26. Nxc4 dxc4 27. Qxc2 b5
28. Qe4 Qd5 29. Qg4 Kf8 30. Bd2 Bg5 31. Bxg5 hxg5 32. Rh3 Ke8 33. Rh8+ Kd7 34.
Rxa8 Qxa8 35. Qxg5 Qe4 36. h4 Qe1+ 37. Kh2 Qxf2 38. d5 exd5 39. Qg4+ Ke7 40.
Qg5+ Ke6 41. Qd8 Qf4+ 42. g3 Qf2+ 43. Kh3 Qf5+ 44. Kg2 Kxe5 45. Qe7+ Kd4 46.
Qa7+ Kc3 47. Qxa6 d4 48. a4 Qd5+ 49. Kh2 d3 50. axb5 d2 51. Qa3+ Kc2 52. Qa2+
Kd3 53. Qb1+ Ke2 54. Qc2 Kf2 55. Kh3 Qg2+ 56. Kg4 Qxg3+ 0-1

[Event "?"]
[Site "?"]
[Date "2017.08.26"]
[Round "1.6"]
[White "Bauer, Eckart"]
[Black "Zuferi, Enis"]
[Result "0-1"]
[WhiteElo "2112"]
[BlackElo "2278"]
[PlyCount "95"]
[EventDate "2017.??.??"]
[WhiteTeam "SF Plochingen"]
[BlackTeam "Heilbronner SV"]

1. e4 c5 2. Nf3 d6 3. Bb5+ Nd7 4. O-O a6 5. Bxd7+ Bxd7 6. d4 cxd4 7. Qxd4 e5 8.
Qd3 h6 9. c4 Nf6 10. Nc3 Be7 11. a4 Rc8 12. b3 O-O 13. Rd1 Qb6 14. Be3 Qc6 15.
Rac1 Bg4 16. a5 Qd7 17. Bb6 Qe6 18. h3 Bh5 19. Nd5 Nxd5 20. Qxd5 Bxf3 21. Qxe6
fxe6 22. gxf3 Rxf3 23. Be3 Rf7 24. b4 Bf8 25. Bb6 Rf4 26. Re1 Rf3 27. Be3 Rf7
28. Bb6 Rd7 29. Kg2 d5 30. exd5 exd5 31. c5 e4 32. Rcd1 Re8 33. Rd4 Kf7 34. Rc1
Rc8 35. b5 axb5 36. Rb4 Rc6 37. Rxb5 d4 38. Kg3 Ke6 39. a6 bxa6 40. Ra5 Rb7 41.
Rd1 Ke5 42. f4+ Kd5 43. Ra4 d3 44. Kf2 Bxc5+ 45. Bxc5 Rxc5 46. Ke3 Rc4 47. Ra5+
Rb5 48. Rxa6 0-1

[Event "?"]
[Site "?"]
[Date "2017.08.26"]
[Round "1.8"]
[White "Wendler, David"]
[Black "Beyer, Christian"]
[Result "1/2-1/2"]
[WhiteElo "2056"]
[BlackElo "2256"]
[PlyCount "94"]
[EventDate "2017.??.??"]
[WhiteTeam "SK Bebenhausen"]
[BlackTeam "SC Feuerbach"]

1. e4 c5 2. c3 b6 3. d4 Bb7 4. Bd3 Nf6 5. Qe2 cxd4 6. cxd4 Nc6 7. Nf3 Nb4 8.
Nc3 Nxd3+ 9. Qxd3 Qc8 10. b4 e6 11. a3 d5 12. e5 Ne4 13. Ne2 Be7 14. h4 a5 15.
b5 O-O 16. Nfg1 f6 17. f3 fxe5 18. fxe4 dxe4 19. Qb3 Bd5 20. Qc3 Qxc3+ 21. Nxc3
exd4 22. Nxd5 exd5 23. Ne2 d3 24. Nf4 Bf6 25. Ra2 Bc3+ 26. Kd1 d2 27. Bxd2 Bxd2
28. Ne6 Rf6 29. Nc7 Rc8 30. Nxd5 Rc1+ 31. Ke2 Rxh1 32. Nxf6+ gxf6 33. Rxd2 Kf7
34. Rd6 Ra1 35. Ke3 f5 36. Rxb6 Rxa3+ 37. Kf4 Rb3 38. Rb7+ Ke6 39. b6 e3 40.
Kf3 f4 41. Rxh7 Rb2 42. b7 Rf2+ 43. Kg4 Rb2 44. Kf3 Kd6 45. h5 Rf2+ 46. Ke4 Rb2
47. Kf3 Rf2+ 1/2-1/2

[Event "?"]
[Site "?"]
[Date "2017.08.26"]
[Round "1.10"]
[White "Reindl, Arno"]
[Black "Latzke, Boris"]
[Result "0-1"]
[WhiteElo "2083"]
[BlackElo "2220"]
[PlyCount "100"]
[EventDate "2017.??.??"]
[WhiteTeam "SG Schwäbisch Gmünd"]
[BlackTeam "SK Bebenhausen"]

1. e4 e5 2. Nf3 Nc6 3. d4 exd4 4. Nxd4 Bb4+ 5. c3 Bc5 6. Be3 Bb6 7. Bc4 Nf6 8.
Nxc6 bxc6 9. Bxb6 axb6 10. e5 Nd5 11. Bxd5 cxd5 12. Qxd5 Ra5 13. Qd4 Qg5 14.
O-O Bb7 15. g3 Rxe5 16. Nd2 O-O 17. f4 Re2 18. Rf2 Qe7 19. Qd3 Re8 20. Raf1 Re3
21. Qc4 Qd6 22. Nf3 Bd5 23. Qd4 R3e4 24. Qd2 Qc5 25. b4 Qb5 26. a4 Qc6 27. Ne5
Qe6 28. Rd1 Bb3 29. Ra1 d6 30. Qd3 Bd5 31. c4 Bb7 32. Nf3 Re3 33. Qf1 Qe4 34.
a5 bxa5 35. bxa5 Rxf3 36. Rxf3 Qxf3 37. Qxf3 Bxf3 38. a6 Ra8 39. Kf2 Bc6 40.
Ke3 Kf8 41. Kd4 Ra7 42. Ra5 Ke7 43. Kc3 Kd7 44. Kb4 Be4 45. Kb5 d5 46. Kc5 dxc4
47. Kxc4 Kd6 48. g4 Bf3 49. h3 Be2+ 50. Kd4 c6 0-1

[Event "?"]
[Site "?"]
[Date "2017.08.26"]
[Round "1.12"]
[White "Keller, Joachim"]
[Black "Weigand, Bernhard"]
[Result "0-1"]
[WhiteElo "1932"]
[BlackElo "2187"]
[PlyCount "80"]
[EventDate "2017.??.??"]
[WhiteTeam "SK Bebenhausen"]
[BlackTeam "SV Nürtingen"]

1. d4 e6 2. Bf4 f5 3. e3 Nf6 4. Be2 d5 5. Nf3 Be7 6. Ne5 Nbd7 7. Nd2 Nxe5 8.
Bxe5 O-O 9. f4 Nd7 10. Nf3 c6 11. c3 b6 12. Bd3 Bb7 13. Qe2 a6 14. O-O-O c5 15.
Rdg1 Nxe5 16. Nxe5 Bd6 17. g4 Bxe5 18. fxe5 f4 19. exf4 Rxf4 20. g5 cxd4 21.
Qh5 Re4 22. Bxe4 dxe4 23. Rd1 d3 24. Rhf1 Qe7 25. g6 hxg6 26. Qxg6 Bd5 27. Kb1
b5 28. h4 Qe8 29. Qg4 Kh7 30. Rg1 Ra7 31. Qg5 b4 32. c4 Bxc4 33. b3 Bd5 34. Qe3
Rc7 35. Rc1 Rxc1+ 36. Rxc1 Qh5 37. Rg1 Qxe5 38. Qg5 Qxg5 39. Rxg5 e3 40. Re5 d2
0-1

[Event "?"]
[Site "?"]
[Date "2017.08.26"]
[Round "1.13"]
[White "Lelumees, Brait"]
[Black "Streiter, Manfred"]
[Result "1-0"]
[WhiteElo "2172"]
[BlackElo "1932"]
[PlyCount "67"]
[EventDate "2017.??.??"]
[WhiteTeam "SK Schwäbisch Hall"]
[BlackTeam "SGem Vaihingen-Rohr"]

1. e4 e6 2. d4 d5 3. Nc3 dxe4 4. Nxe4 Bd7 5. Bd3 Bc6 6. Nf3 Nd7 7. Qe2 Ngf6 8.
Bd2 Bxe4 9. Bxe4 Nxe4 10. Qxe4 c6 11. O-O-O Nf6 12. Qe2 Be7 13. h4 Qd5 14. c4
Qe4 15. Be3 Ng4 16. Nd2 Qf5 17. Rh3 Nf6 18. Nf3 Bd6 19. Rd3 O-O 20. Nd2 Qg6 21.
f3 h5 22. Bg5 Nh7 23. g4 hxg4 24. fxg4 Nxg5 25. hxg5 Qxg5 26. Kc2 g6 27. Ne4
Qd8 28. g5 Kg7 29. Qf1 Be7 30. Nf6 Rh8 31. Rxh8 Qxh8 32. Rh3 Qxh3 33. Qxh3 Bxf6
34. Qh6+ 1-0